| 000 | 00526nam a2200217Ia 4500 | ||
|---|---|---|---|
| 003 | OSt | ||
| 005 | 20221005122344.0 | ||
| 006 | a|||||r|||| 00| 0 | ||
| 007 | ta | ||
| 008 | 221004b |||||||| |||| 00| 0 snd d | ||
| 024 | _a7023 | ||
| 037 | _cTextual | ||
| 040 |
_aCRL _cCRL _bsnd |
||
| 041 |
_2snd _asnd |
||
| 082 | _aQ8441:21, 1593F6;K1 | ||
| 100 |
_aGudumal _9631839 |
||
| 245 | 0 | _aJap Sahib | |
| 260 | _c1961 | ||
| 942 |
_hQ8441:21, 1593F6;K1 _cTEXL _2cc |
||
| 999 |
_c1044022 _d1044022 |
||